[Document not titled.].

Bibliographic Details
Corporate Author: United States. Navy Department. Bureau of Navigation
Format: Government Document eBook
Language:English
Published: Washington : [publisher not identified], 1921.
Series:Navigation Bur. Circ. Letter No. 1921/43
Subjects:
Online Access:Connect to the full text of this electronic document

MARC

Tag First Indicator Second Indicator Subfields
LEADER 00000cam a22000001a 4500
001 in00003758713
005 20190408185752.0
006 m o d f
007 cr bn mmmapmmp
008 040322s1921 dcu o f000 0 eng d
035 |a ebd1910603239 
040 |a UMI  |c UMI  |d UtOrBLW 
086 0 |a N 17.20:921/43 
099 |a N17.20-5.43 
245 0 0 |a [Document not titled.]. 
264 1 |a Washington :  |b [publisher not identified],  |c 1921. 
300 |a 1 online resource (1 pages) 
336 |a text  |b txt  |2 rdacontent 
337 |a computer  |b c  |2 rdamedia 
338 |a online resource  |b cr  |2 rdacarrier 
490 0 |a Navigation Bur. Circ. Letter No. 1921/43 
500 |a [Deaths of Navy seamen, asphyxiation resulting from poor ventilation]. 
500 |a Record is based on bibliographic data in ProQuest U.S. Executive Branch Documents, 1910-1932. Reuse except for individual research requires license from ProQuest, LLC. 
533 |a Electronic reproduction.  |b [Bethesda, Md.] :  |c ProQuest,  |d 2012.  |e digital, PDF file.  |n ProQuest U.S. Executive Branch Documents, 1910-1932.  |n Mode of access: World Wide Web via ProQuest website. 
538 |a System requirements: PDF reader software. 
500 |a Electronic resource. 
650 0 |a Accidents.  |0 http://id.loc.gov/authorities/subjects/sh85000368 
650 0 |a Death.  |0 http://id.loc.gov/authorities/subjects/sh85036085 
650 0 |a Ventilation.  |0 http://id.loc.gov/authorities/subjects/sh85142747 
655 7 |a Electronic books.  |2 local 
710 1 |a United States.  |b Navy Department.  |b Bureau of Navigation.  |0 http://id.loc.gov/authorities/names/n88016030 
776 1 8 |i Microfiche version:  |t [Document not titled.]  |o CIS US Exec MF N17.20-5.43  |w (ProQuest)cis19162507 
856 4 0 |u http://proxy.library.tamu.edu/login?url=http://congressional.proquest.com/congressional/docview/t66.d71.n17.20-5.43  |z Connect to the full text of this electronic document  |t 0 
999 f f |s 8befe4a5-44d3-3194-bcfe-a9cbb0ed4d8d  |i 8360486a-5801-38ab-bb99-f23a320d6dca  |t 0 
952 f f |a Texas A&M University  |b College Station  |c Electronic Resources  |d Available Online  |t 0  |h No information provided 
998 f f |t 0  |l Available Online